000 00576nam a2200229Ia 4500
003 OSt
005 20220924144625.0
006 a|||||r|||| 00| 0
007 ta
008 220923b |||||||| |||| 00| 0 urd d
024 _a316419
037 _cTextual
040 _aARTS
_cARTS
_burd
041 _2urd
_aurd
082 _aO168,2MNA,1, C3.1
100 _aNami Bakhsh Alha
_9190956
245 0 _aGul-e-bakwali
260 _c1893
650 _aURDU DRAMA
942 _hO168,2MNA,1, C3.1
_cTEXL
_2CC
999 _c457673
_d457673